Learning Resource and Development

Resilient and sustainable cities : (Record no. 29937)

MARC details
000 -LEADER
fixed length control field 05230cam a2200517 i 4500
001 - CONTROL NUMBER
control field 23218359
003 - CONTROL NUMBER IDENTIFIER
control field CSPC
005 - DATE AND TIME OF LATEST TRANSACTION
control field 20250811151835.0
008 - FIXED-LENGTH DATA ELEMENTS--GENERAL INFORMATION
fixed length control field 230707s2022 maua b 001 0 eng d
010 ## - LIBRARY OF CONGRESS CONTROL NUMBER
LC control number 2023277801
015 ## - NATIONAL BIBLIOGRAPHY NUMBER
National bibliography number GBC2G2114
Source bnb
016 7# - NATIONAL BIBLIOGRAPHIC AGENCY CONTROL NUMBER
Record control number 020744035
Source Uk
020 ## - INTERNATIONAL STANDARD BOOK NUMBER
International Standard Book Number 9780323917186
035 ## - SYSTEM CONTROL NUMBER
System control number 23218359
035 ## - SYSTEM CONTROL NUMBER
System control number (OCoLC)1331703762
040 ## - CATALOGING SOURCE
Original cataloging agency YDX
Language of cataloging eng
Description conventions rda
Transcribing agency YDX
Modifying agency BDX
-- UKMGB
-- OCLCF
-- EOP
-- DLC
-- CSPC
042 ## - AUTHENTICATION CODE
Authentication code lccopycat
050 00 - LIBRARY OF CONGRESS CALL NUMBER
Classification number HT241
Item number .R465 2023
082 04 - DEWEY DECIMAL CLASSIFICATION NUMBER
Classification number 362.1
Item number R311
Edition number 23
245 00 - TITLE STATEMENT
Title Resilient and sustainable cities :
Remainder of title research, policy and practice /
Statement of responsibility, etc. edited by Zaheer Allam, [and 4 others].
264 #1 - PRODUCTION, PUBLICATION, DISTRIBUTION, MANUFACTURE, AND COPYRIGHT NOTICE
Place of production, publication, distribution, manufacture Cambridge, Massachusetts :
Name of producer, publisher, distributor, manufacturer Elsevier,
Date of production, publication, distribution, manufacture, or copyright notice 2023.
300 ## - PHYSICAL DESCRIPTION
Extent xiii, 659 pages :
Other physical details illustrations, maps ;
Dimensions 24 cm.
336 ## - CONTENT TYPE
Content type term text
Source rdacontent
337 ## - MEDIA TYPE
Media type term unmediated
Source rdamedia
338 ## - CARRIER TYPE
Carrier type term volume
Source rdacarrier
504 ## - BIBLIOGRAPHY, ETC. NOTE
Bibliography, etc. note Includes bibliographical references and index.
505 0# - FORMATTED CONTENTS NOTE
Formatted contents note Section I. The '15-minute city' concept: sustainability, resilience, and inclusivity -- Coworking and the 15-minute city -- The theoretical grid. An antifragile strategy for Rome post-COVID mobility -- Measuring the 15-minute city in Barcelona. a geospatial three-method comparison -- The Paris urban plan review : an opportunity to put 15-minute city concept into the perspective of the Parisians desire for nature -- Exploring the relationship of time keeping and urban morphology within the economic renaissance and the postmodern era -- Enter the 15-minute city: revisiting the smart city concept under a proximity based planning lens -- On proximity-based dimensions and urban planning: historical precepts to the 15-minute city -- Financing the 15-minute city concept and its infrastructural ecosystem in developing nations through fiscal mechanisms -- Redefining investable infrastructure in developing nations in a postpandemic era: the case of the 15-minute city -- Section II. Cities, technology, and sustainability -- Smarter cities, smarter planning: an exploration into role of planners within the smart city movement -- A smart territory, the key to resilient territory -- Re-assessing urban sustainability in the digital age: a new SWOT methodology for cities -- Charrette! An urgent response toward resilient and sustainable cities and landscapes -- Developing a composite indicator for evaluating urban sustainability -- Scrutinizing sustainable mobility strategies in integrated urban development: perspectives from Copenhagen and Curitiba -- Section III. Culture, liveability, and identity -- For a close and livable public space: for proposals in Barcelona -- Will future smart cities be livable? -- Third places as catalysts of resilience -- Health impact assessment: an innovative approach 15-minute cities -- Section IV. Climate change and resilient cities -- The influence of climate change on the design strategies of the built environment: the heterogeneous climate of Italy analyzed in future scenarios -- The next level up is down: exploring the subsurface for our common future -- A collective of resilient organizations together to build a resilient city: issues and perspectives -- City wild: how making space for nature might help achieve the sustainable and resilient city -- Predictive modeling for reforestation of cities to mitigate climate change impacts -- Neighborhood's scale resilience facing heatwave events. Metropolitan area of Mendoza-Argentina as an study case -- A GIS-based tools for planning resilient climate cities -- Citizens and local administration in climate change mitigation. Urban strategies and local actions applicable to neighborhoods -- Re-envisaging cities: biophilic and first nations strategies from Australia -- Building urban resilience through infrastructure exaptation -- Section V. Urban management and sustainable resource optimization -- Management of city vulnerability to bushfire risk using advanced GI-based spatial tools -- Adaptive reuse of abandoned urban assets for cultural and social innovative development -- Sustainability in public administration: governance and accountability in French metropolitan area -- Sustainable development in hydro-drought regions by improving hydro-indicators.
650 #0 - SUBJECT ADDED ENTRY--TOPICAL TERM
Topical term or geographic name entry element Urban ecology (Sociology).
650 #0 - SUBJECT ADDED ENTRY--TOPICAL TERM
Topical term or geographic name entry element City planning
General subdivision Environmental aspects.
650 #0 - SUBJECT ADDED ENTRY--TOPICAL TERM
Topical term or geographic name entry element Public health.
650 #0 - SUBJECT ADDED ENTRY--TOPICAL TERM
Topical term or geographic name entry element Public health
General subdivision Finance.
650 #0 - SUBJECT ADDED ENTRY--TOPICAL TERM
Topical term or geographic name entry element COVID-19 (Disease).
650 #7 - SUBJECT ADDED ENTRY--TOPICAL TERM
Topical term or geographic name entry element COVID-19 (Disease)
Source of heading or term fast
Authority record control number or standard number (OCoLC)fst01984643
650 #7 - SUBJECT ADDED ENTRY--TOPICAL TERM
Topical term or geographic name entry element Public health.
Source of heading or term fast
Authority record control number or standard number (OCoLC)fst01082238
650 #7 - SUBJECT ADDED ENTRY--TOPICAL TERM
Topical term or geographic name entry element Public health
General subdivision Finance.
Source of heading or term fast
Authority record control number or standard number (OCoLC)fst01082266
700 1# - ADDED ENTRY--PERSONAL NAME
Personal name Allam, Zaheer,
Relator term editor.
700 1# - ADDED ENTRY--PERSONAL NAME
Personal name Chabaud, Didier,
Relator term editor.
700 1# - ADDED ENTRY--PERSONAL NAME
Personal name Gall, Catherine,
Relator term editor.
700 1# - ADDED ENTRY--PERSONAL NAME
Personal name Pratlong, Florent,
Relator term editor.
700 1# - ADDED ENTRY--PERSONAL NAME
Personal name Moreno, Carlos,
Relator term editor.
776 08 - ADDITIONAL PHYSICAL FORM ENTRY
Relationship information ebook version :
Title Resilient and Sustainable Cities
Place, publisher, and date of publication Cambridge, MA : Elsevier,c2023
International Standard Book Number 9780323986243
906 ## - LOCAL DATA ELEMENT F, LDF (RLIN)
a 7
b cbc
c copycat
d 2
e ncip
f 20
g y-gencatlg
942 ## - ADDED ENTRY ELEMENTS (KOHA)
Source of classification or shelving scheme Dewey Decimal Classification
Koha item type Books
Edition 23
Classification part 362.1
Item part R311
Call number prefix ENG
Call number suffix 2023
Suppress in OPAC No
Holdings
Withdrawn status Lost status Source of classification or shelving scheme Damaged status Not for loan Home library Current library Shelving location Date acquired Total Checkouts Full call number Barcode Date last seen Copy number Price effective from Koha item type
    Dewey Decimal Classification     Main Library Main Library Engineering Section 08/07/2025   ENG 362.1 R311 2023 029973 08/07/2025 1-1 08/07/2025 Books